000 01065nam a2200253 a 4500
001 79223
003 BD-RjUL
005 20220119144653.0
008 220119s2020 bg ||||| |||| 00| 0 ben d
020 _a 9789849137160
_c:Tk.650.00
035 _a(BD-RjUL)79223
040 _aBD-RjUL
_beng
_cBD-RjUL
041 _aben
082 _223
_a891.444
_bBGN 2020
245 _aবঙ্গবন্ধুকে নিয়ে বিচিত্র রচনা সম্ভার /
_cসম্পাদক জি এম তারিকুল ইসলাম
260 _aঢাকা :
_bগ্রন্থকুটির,
_c২০২০
300 _a২৪৭ পৃ.;
_c২৪ সেমি.
600 _aমুজিবুর রহমান,
_cশেখ,
_d১৯২০-১৯৭৫
600 _aMujibur Rahman,
_cSheikh,
_d1920-1975
650 _aবাংলা সাহিত্য
_xপ্রবন্ধ
_9681
650 _aBengali Literature
_xEssay
_9682
700 _aইসলাম, জি এম তারিকুল
_9278
942 _2ddc
_cBK
999 _c79223
_d79223